Pays qui n'ont jamais participé à la Coupe du Monde - Mort Subite - Statistiques

Statistiques générales
  • Ce quiz a été pris 433 fois
  • Le résultat moyen est 5 sur 12
Answers on the Grid
Answers color-coded by a green-red scale on the quiz's grid according to % correct below.
Albanie
Burkina Faso
Canada
Finlande
Géorgie
Guatemala
Inde
Iran
Israël
Jamaïque
Koweït
Macédoine du Nord
Mali
Nouvelle-Zélande
Oman
Qatar
RD Congo
Thailande
Ukraine
Vénézuela
Zambie
 
Statistiques - réponses
Réponse % Correct
Oman
59%
Thailande
54%
Inde
50%
Macédoine du Nord
48%
Burkina Faso
47%
Géorgie
43%
Zambie
41%
Albanie
40%
Guatemala
37%
Mali
35%
Finlande
33%
Vénézuela
27%
Aucun quiz correspondant
Distribution des résultats
% des personnes avec chaque résultat
Percentile par nombre de réponses
Votre historique - résultats
Vous n’avez pas pris ce quiz